DC's Teen Titans (Picture Click) Quiz Stats

 Plays Quiz not verified by Sporcle

Score 0/10 Timer 02:30
4 Plays Today
% Correct
Cyborg
96.1%
Wonder Girl
95.7%
Raven
95%
Superboy
94.6%
Kid Flash
94.4%
Terra
92.5%
Starfire
89.1%
Red Robin
85.5%
Ravager
85.3%
Speedy
84.3%

You're not logged in!

Compare scores with friends on all Sporcle quizzes.
OR
Log In

You Might Also Like...

Show Comments

Extras

Top Quizzes Today


Score Distribution

Your Account Isn't Verified!

In order to create a playlist on Sporcle, you need to verify the email address you used during registration. Go to your Sporcle Settings to finish the process.

Report this User

Report this user for behavior that violates our Community Guidelines.

Details: